000 00312nam a22001337a 4500
008 180118b xxu||||| |||| 00| 0 eng d
020 _a9241761016
041 _aeng
080 _a611.085
100 _a9
101 _aHIS
245 _aHistological typing of lung tumours
_cORGANIZATION,W.H
942 _2udc
_cBK
999 _c40453
_d40453